[Event "Bratislava Doprastav op"]
[Site "Bratislava"]
[Date "2019.04.21"]
[Round "6"]
[White "Visvader, Kristof"]
[Black "Pajger, Andrej"]
[Result "1-0"]
[WhiteElo "1361"]
[BlackElo "1268"]
[PlyCount "41"]
[EventDate "2019.04.18"]
[EventType "swiss"]
[EventRounds "7"]
[EventCountry "SVK"]
[SourceTitle "CBM 189 Extra"]
[Source "ChessBase"]
[SourceDate "2019.05.31"]
[SourceVersion "1"]
[SourceVersionDate "2019.05.31"]
[SourceQuality "1"]

1. e4 c5 2. Nf3 Nc6 3. d4 cxd4 4. Nxd4 g6 5. Be3 Bg7 6. Nc3 Nf6 7. Qd2 e5 8. Nxc6 bxc6 9. Bh6 0-0 10. Bxg7 Kxg7 11. Bc4 d6 12. 0-0 Re8 13. Rad1 d5 14. exd5 cxd5 15. Bxd5 Rb8 16. Bb3 Bd7 17. Rfe1 e4 18. Qd4 Bf5 19. Qxa7 Re7 20. Rxd8 Rxd8 21. Qxe7 1-0

[Event "Bratislava Doprastav op"]
[Site "Bratislava"]
[Date "2019.04.20"]
[Round "4"]
[White "Pajger, Andrej"]
[Black "Mihalik, Kamil"]
[Result "0-1"]
[WhiteElo "1268"]
[BlackElo "1404"]
[PlyCount "79"]
[EventDate "2019.04.18"]
[EventType "swiss"]
[EventRounds "7"]
[EventCountry "SVK"]
[SourceTitle "CBM 189 Extra"]
[Source "ChessBase"]
[SourceDate "2019.05.31"]
[SourceVersion "1"]
[SourceVersionDate "2019.05.31"]
[SourceQuality "1"]

1. e4 d5 2. d3 e6 3. Nd2 Nf6 4. Ngf3 Bc5 5. d4 Bb6 6. e5 Nfd7 7. Nb3 c5 8. Be3 Qc7 9. c4 cxd4 10. Nbxd4 Nxe5 11. Nb5 Nxf3+ 12. Qxf3 Qd8 13. c5 Ba5+ 14. Bd2 Bc7 15. Rc1 a6 16. Nd4 Nc6 17. Qc3 Be5 18. Nxc6 Bxc3 19. Nxd8 Bxd2+ 20. Kxd2 Kxd8 21. c6 b5 22. c7+ Kd7 23. g4 Ra7 24. a4 bxa4 25. Bd3 Rxc7 26. Rc2 Bb7 27. Rhc1 Rhc8 28. f4 Rxc2+ 29. Rxc2 Rxc2+ 30. Bxc2 Bc6 31. Bxh7 g6 32. Bg8 Ke7 33. Kc3 Kf8 34. Bh7 Kg7 35. f5 Kxh7 36. Kb4 exf5 37. gxf5 gxf5 38. Kc5 f4 39. b4 axb3 40. Kxc6 0-1

[Event "Bratislava Doprastav op"]
[Site "Bratislava"]
[Date "2019.04.19"]
[Round "2"]
[White "Vora, Ananya"]
[Black "Pajger, Andrej"]
[Result "1-0"]
[WhiteElo "1705"]
[BlackElo "1268"]
[PlyCount "41"]
[EventDate "2019.04.18"]
[EventType "swiss"]
[EventRounds "7"]
[EventCountry "SVK"]
[SourceTitle "CBM 189 Extra"]
[Source "ChessBase"]
[SourceDate "2019.05.31"]
[SourceVersion "1"]
[SourceVersionDate "2019.05.31"]
[SourceQuality "1"]

1. e4 c5 2. Nf3 Nc6 3. d4 cxd4 4. Nxd4 Nf6 5. Nc3 e5 6. Ndb5 d6 7. Bg5 a6 8. Na3 Be7 9. Bxf6 gxf6 10. Nd5 f5 11. Nxe7 Qxe7 12. Nc4 Be6 13. Nxd6+ Kf8 14. exf5 Rd8 15. fxe6 Qxe6 16. Bc4 Qxd6 17. Qxd6+ Rxd6 18. Rd1 Nd4 19. c3 Nc2+ 20. Ke2 Rb6 21. Bb3 1-0

[Event "SVK-ch U16"]
[Site "Liptovsky Mikulas"]
[Date "2018.04.26"]
[Round "8"]
[White "Baran, Kamil"]
[Black "Pajger, Andrej"]
[Result "1-0"]
[WhiteElo "1000"]
[BlackElo "1420"]
[PlyCount "69"]
[EventDate "2018.04.21"]
[EventType "swiss"]
[EventRounds "9"]
[EventCountry "SVK"]
[SourceTitle "CBM 184 Extra"]
[Source "ChessBase"]
[SourceDate "2018.06.28"]
[SourceVersion "1"]
[SourceVersionDate "2018.06.28"]
[SourceQuality "1"]

1. d4 d5 2. c4 Nf6 3. Nc3 e6 4. Bg5 Nbd7 5. e3 Bb4 6. a3 Bxc3+ 7. bxc3 0-0 8. Nf3 b6 9. cxd5 exd5 10. Bd3 Qe8 11. Qc2 Ne4 12. Bf4 c5 13. Nd2 Ndf6 14. Nxe4 dxe4 15. Be2 Nd5 16. Bd6 Ne7 17. Qxe4 Bf5 18. Qxe7 Qc6 19. Bf3 Qb5 20. Bxa8 Re8 21. Qg5 Qd7 22. Bf3 h6 23. Qg3 cxd4 24. cxd4 Bd3 25. Be5 f6 26. Bxf6 g5 27. Rc1 Rc8 28. Rxc8+ Qxc8 29. Bd5+ Kh7 30. Be4+ Bxe4 31. 0-0 Bd3 32. Qe5 Bxf1 33. Qe4+ Kg8 34. Qg6+ Kf8 35. Qg7+ 1-0

[Event "SVK-ch U16"]
[Site "Liptovsky Mikulas"]
[Date "2018.04.24"]
[Round "5"]
[White "Pajger, Andrej"]
[Black "Zahorcek, Jakub"]
[Result "0-1"]
[WhiteElo "1420"]
[BlackElo "1550"]
[PlyCount "96"]
[EventDate "2018.04.21"]
[EventType "swiss"]
[EventRounds "9"]
[EventCountry "SVK"]
[SourceTitle "EXT 2019"]
[Source "ChessBase"]
[SourceDate "2018.10.10"]
[SourceVersion "1"]
[SourceVersionDate "2018.10.10"]
[SourceQuality "1"]

1. e4 e6 2. d4 d5 3. e5 c5 4. Nf3 Nc6 5. Bg5 Qb6 6. c3 Qxb2 7. Nbd2 Qxc3 8. Rc1 Qa5 9. dxc5 Bxc5 10. Bh4 Nge7 11. Be2 0-0 12. 0-0 Ba3 13. Nb3 Qc7 14. Rb1 Nxe5 15. Nxe5 Qxe5 16. Na5 b6 17. Bxe7 Bxe7 18. Nc6 Qd6 19. Nd4 Bd7 20. Ba6 e5 21. Nb5 Bxb5 22. Rxb5 d4 23. Re1 Bf6 24. Qb3 Rad8 25. Bb7 Qc7 26. Bd5 Rc8 27. g3 Qc3 28. Qxc3 Rxc3 29. f4 exf4 30. gxf4 Rc5 31. Rxc5 bxc5 32. Rb1 Rd8 33. Bc6 g6 34. Rb7 d3 35. Rxa7 d2 36. Bf3 d1Q+ 37. Bxd1 Rxd1+ 38. Kg2 c4 39. Ra6 c3 40. Rc6 Kg7 41. a4 Rd2+ 42. Kf3 Ra2 43. Rc4 c2 44. a5 Bb2 45. Rxc2 Ra3+ 46. Kg4 Bd4 47. Rc4 f5+ 48. Kh4 Bf6# 0-1

[Event "SVK-ch U14"]
[Site "Liptovsky Mikulas"]
[Date "2016.04.21"]
[Round "7"]
[White "Kubovics, Gergely Mate"]
[Black "Pajger, Andrej"]
[Result "1-0"]
[WhiteElo "1097"]
[BlackElo "1000"]
[PlyCount "62"]
[EventDate "2016.04.16"]
[EventType "swiss"]
[EventRounds "9"]
[EventCountry "SVK"]
[SourceTitle "CBM 172 Extra"]
[Source "ChessBase"]
[SourceDate "2016.06.21"]
[SourceVersion "1"]
[SourceVersionDate "2016.06.21"]
[SourceQuality "1"]

1. e4 c5 2. Nf3 Nf6 3. Nc3 Nc6 4. d4 e6 5. Bg5 h6 6. Bh4 Be7 7. Be2 0-0 8. Qd2 Qb6 9. b3 a6 10. d5 exd5 11. exd5 Nb4 12. a3 Nbxd5 13. Nxd5 Nxd5 14. Qxd5 Bxh4 15. Nxh4 d6 16. 0-0 Bd7 17. Rfe1 Be6 18. Qe4 a5 19. Bd3 g6 20. Nxg6 f5 21. Qxe6+ Rf7 22. Ne7+ Kf8 23. Ng6+ Kg7 24. Bxf5 Qc6 25. Ne7 Kf8 26. Nxc6 bxc6 27. Qxh6+ Rg7 28. Re6 Re8 29. Rxe8+ Kxe8 30. Qxg7 d5 31. Re1+ Kd8 1-0

[Event "SVK-ch U14"]
[Site "Liptovsky Mikulas"]
[Date "2016.04.19"]
[Round "5"]
[White "Zelnik, Simon"]
[Black "Pajger, Andrej"]
[Result "1-0"]
[WhiteElo "1208"]
[BlackElo "1000"]
[PlyCount "85"]
[EventDate "2016.04.16"]
[EventType "swiss"]
[EventRounds "9"]
[EventCountry "SVK"]
[SourceTitle "CBM 172 Extra"]
[Source "ChessBase"]
[SourceDate "2016.06.21"]
[SourceVersion "1"]
[SourceVersionDate "2016.06.21"]
[SourceQuality "1"]

1. e4 c5 2. Nf3 Nc6 3. Bc4 e6 4. Nc3 g6 5. 0-0 Bg7 6. d3 Nge7 7. Be3 b6 8. d4 cxd4 9. Nxd4 0-0 10. Nxc6 Nxc6 11. Bf4 Bb7 12. Nb5 Bxb2 13. Rb1 Be5 14. Bxe5 Nxe5 15. Bd3 a6 16. Nd6 Qc7 17. Nxb7 Qxb7 18. f4 Nc6 19. f5 Ne7 20. fxg6 Nxg6 21. Qg4 d5 22. exd5 exd5 23. c4 dxc4 24. Be4 Qa7 25. Bxa8 Qxa8 26. Qxc4 b5 27. Qg4 h5 28. Qxh5 Nf4 29. Qg4+ Ng6 30. Rf2 Qa7 31. Rbf1 a5 32. Kh1 b4 33. Qc4 Qb6 34. Rxf7 Ne5 35. Rxf8+ Kg7 36. Qg8+ Kh6 37. R1f6+ Qxf6 38. Rxf6+ Kh5 39. g4+ Nxg4 40. Qg6+ Kh4 41. Qe4 Kg5 42. Rg6+ Kh5 43. Qxg4# 1-0

[Event "SVK-ch U14"]
[Site "Liptovsky Mikulas"]
[Date "2016.04.18"]
[Round "4"]
[White "Pajger, Andrej"]
[Black "Sivicek, Filip"]
[Result "0-1"]
[WhiteElo "1000"]
[BlackElo "1207"]
[PlyCount "44"]
[EventDate "2016.04.16"]
[EventType "swiss"]
[EventRounds "9"]
[EventCountry "SVK"]
[SourceTitle "CBM 172 Extra"]
[Source "ChessBase"]
[SourceDate "2016.06.21"]
[SourceVersion "1"]
[SourceVersionDate "2016.06.21"]
[SourceQuality "1"]

1. e4 e5 2. Nf3 Nc6 3. Bc4 Bc5 4. Nc3 Nf6 5. 0-0 d6 6. b3 0-0 7. Bb2 Be6 8. Bxe6 fxe6 9. Ng5 Qe7 10. Qf3 h6 11. Nh3 Nh7 12. g3 Rxf3 13. Nb5 a6 14. Nc3 Rf7 15. Rae1 Re8 16. d3 Ng5 17. Nxg5 Qxg5 18. h4 Qg4 19. a4 Bxf2+ 20. Rxf2 Rxf2 21. Nd1 Qxg3+ 22. Kh1 Qh2# 0-1